Communist front? : the Civil Rights Congress, 1946-1956 /

Bibliographic Details
Main Author: Horne, Gerald
Format: Book
Language:English
Published: Rutherford [N.J.] : London : Fairleign Dickinson University Press ; Associated University Presses, [1988]
Subjects:

MARC

Tag First Indicator Second Indicator Subfields
LEADER 00000cam a22000008a 4500
001 in00000010012
005 20151006060015.0
008 870130s1988 nju b 00110 eng
010 |a  85045950  
020 |a 0838632858 (alk. paper) 
035 |a (OCoLC)15195184 
035 |9 AAA2201AM 
040 |a DLC  |c DLC  |d m/c  |d TXA  |d UtOrBLW 
043 |a n-us--- 
049 |a TXAM  |c [A12564334] 
050 0 0 |a E185.61  |b .H8 1987 
050 4 |a E185.61  |b .H8 1988 
082 0 |a 323.1/196073/073  |2 19 
100 1 |a Horne, Gerald. 
245 1 0 |a Communist front? :  |b the Civil Rights Congress, 1946-1956 /  |c Gerald Horne. 
263 |a 8712 
264 1 |a Rutherford [N.J.] :  |b Fairleign Dickinson University Press ;  |a London :  |b Associated University Presses,  |c [1988] 
264 4 |c ©1988 
300 |a 454 pages 
336 |a text  |b txt  |2 rdacontent 
337 |a unmediated  |b n  |2 rdamedia 
338 |a volume  |b nc  |2 rdacarrier 
504 |a Bibliography: pages 359-422. 
500 |a Includes index. 
650 0 |a African Americans  |x Civil rights. 
610 2 0 |a Civil Rights Congress (U.S.) 
650 0 |a Anti-communist movements  |z United States  |x History  |y 20th century. 
651 0 |a United States  |x Race relations. 
999 |a MARS 
999 f f |s 3dd04b11-2575-35b9-918a-66284d8e4e15  |i 8926f998-156f-3fe6-8190-70c2b57dfce9  |t 0 
952 f f |p normal  |a Texas A&M University  |b College Station  |c Sterling C. Evans Library  |d Evans: Library Stacks  |t 0  |e E185.61 .H8 1988  |h Library of Congress classification  |i unmediated -- volume  |m A14812564334 
998 f f |a E185.61 .H8 1988  |t 0  |l Evans: Library Stacks